Tintin - Personnages de Vol 714 pour Sydney - Mort subite - Statistiques

Statistiques générales
  • Ce quiz a été pris 97 fois
  • Le résultat moyen est 7 sur 14
Answers on the Grid
Answers color-coded by a green-red scale on the quiz's grid according to % correct below.
Le capitaine Archibald Haddock
Dupond et Dupont
Le professeur Tryphon Tournesol
Bianca Castafiore
Roberto Rastapopoulos
Le général Alcazar
Nestor
Séraphin Lampion
Allan Thompson
Henri Sanzot
Tchang Tchong Jen
Piotr Szut
Le docteur J.W. Müller
Gino
Samuel Goldwood
Spalding
Madame Sanzot
Madame Lampion
Laszlo Carreidas
Le chat de Moulinsart
Mik Ezdanitoff
Paolo Colombani
J.M. Dawson
Jean-Loup de la Battellerie
Le docteur Finney
Le docteur Krollspell
Walter Rizotto
Hans Boehm
 
Statistiques - réponses
Réponse % Correct
Le capitaine Archibald Haddock
85%
Le professeur Tryphon Tournesol
73%
Roberto Rastapopoulos
71%
Piotr Szut
69%
Allan Thompson
65%
Laszlo Carreidas
53%
Spalding
47%
Le docteur Krollspell
44%
Gino
35%
Mik Ezdanitoff
33%
Paolo Colombani
29%
Hans Boehm
24%
Madame Lampion
18%
Séraphin Lampion
18%
Aucun quiz correspondant
Distribution des résultats
% des personnes avec chaque résultat
Percentile par nombre de réponses
Votre historique - résultats
Vous n’avez pas pris ce quiz